000 00358nam a22001457a 4500
003 OSt
005 20211229152518.0
008 211229b |||||||| |||| 00| 0 eng d
020 _a9788131501320
040 _cHU
082 _a005.453
100 _aLouden Kenneth c
_926130
245 _aComputer Construction Principles And Practice
942 _2ddc
_cBOOKS
_n0
999 _c25062
_d25062